06153nam a2200181 a 450000100080000000500110000800800410001910000200006024500860008026000370016630000100020352056730021365300100588665300180589670000240591470000130593870000200595111296742020-06-02 2020 bl uuuu t 00u1 u #d1 aCONCEI????O, G. aMonitoramento Climatol??gico Mensal - Mar??o 2020 - Baesa.h[electronic resource] aFLORIAN??POLIS, SC: Epagric2020 a26 p. aEm mar??o a chuva foi muito escassa, com totais di??rios pouco significativos na regi??o da Usina da Baesa. De 01 at?? dia 17/03 n??o houve registro de chuva acima de 0,5 mm, devido ao predom??nio de uma massa de ar seco sobre Santa Catarina, com per??odo de bloqueio atmosf??rico que permaneceu mantendo o deslocamento de frentes frias na altura do Uruguai e Rio Grande do Sul. Nos dias 18 e 19/03 um cavado sobre a regi??o Sul do Brasil e uma frente fria que chegou at?? a altura do Litoral Sul catarinense causaram nebulosidade e chuva, com totais entre 7,0 mm e 9,0 mm, nas esta????es de Pinhal da Serra e Campo Belo do Sul, respectivamente. Novamente um cavado (??rea alongada de baixa press??o) foi o respons??vel por pancadas isoladas de chuva na tarde e noite de 29/03, e mais uma vez o acumulado de chuva foi maior em Campo Belo do Sul (13,2 mm) do que em Pinhal da Serra com pouco mais de 2,0 mm. No ??ltimo dia de mar??o o forte calor da tarde e o avan??o de uma frente fria pelo oceano na altura do litoral de Santa Catarina, causaram trovoadas, com pancadas de chuva mal distribu??da na regi??o da Usina da Baesa apenas a esta????o de Pinhal da Serra registrou precipita????o de 11.2 mm. A chuva, com registro di??rio superior a 0,5 mm, ocorreu em apenas 3 dias em Campo Belo do Sul e em 4 dias em Pinhal da Serra. Neste m??s n??o houve registro de temporais, raios (atividade el??trica), granizo ou vendavais na regi??o da Usina da Baesa. O m??s de mar??o registrou o menor valor mensal de precipita????o do primeiro trimestre de 2020 nas esta????es meteorol??gicas da Usina da Baesa, sendo de 22,8 mm mm na esta????o de Campo Belo do Sul e de 21,4 mm em Pinhal da Serra. Na maior parte do m??s de mar??o a press??o atmosf??rica variou entre 910 hPa e 915 hPa nas esta????es da Usina da Baesa, devido ?? atua????o freq??ente de sistemas de alta press??o (massas de ar seco e quente). A primeira queda de press??o do m??s foi pouco significativa (entre 905 hPa e 907 hPa) no dia 07/03, devido a ??reas de instabilidade durante a tarde, e a queda mais acentuada ocorreu no dia 19/03 e foi de 901,2 hPa em Campo Belo do Sul e de 903,5 hPa em Pinhal da Serra, devido ?? passagem de uma frente fria pelo Rio Grande do Sul e litoral catarinense. O maior valor de press??o ocorreu no dia 23/03 e foi de 914,4 hPa em Campo Belo do Sul e de 916,8 hPa em Pinhal da Serra. A m??dia da press??o atmosf??rica instant??nea foi de 907,9 hPa em Campo Belo do Sul e de 910,4 hPa em Pinhal da Serra. No m??s de mar??o foi freq??ente a atua????o de massas de ar seco e quente, mantendo a temperatura m??xima do m??s entre 25??C e 27??C na maior parte dos dias, passando por um per??odo ainda mais quente com m??ximas de 28??C a 30??C, entre os dias 09 e 17/03 devido ?? condi????o de bloqueio atmosf??rico que tamb??m elevou a temperatura m??nima a valores entre 16??C e 18??C nas esta????es da Usina da Baesa. Os valores mais baixos e temperatura m??nima, entre 12??C e 13??C, ocorreram de 01 a 06, nos dias 20, 21 e 26/03, devido ?? perda de calor durante a noite e madrugada com a atua????o da massa de ar seco que manteve o c??u claro. N??o houve registro de onda de frio intenso em mar??o e os menores valores de temperatura m??xima estiveram associados ?? cobertura de nuvens (c??u encoberto) e ?? chuva do dia 18/03, com valores pr??ximos de 22??C. No primeiro dia de outono (20/03) a temperatura m??xima ficou pr??xima a 23??C em Campo Belo do Sul, devido uma massa de ar frio que avan??ou pelo Sul do Brasil. A temperatura m??dia em mar??o, como no m??s anterior, ficou pr??xima de 20??C. A temperatura m??xima ficou em 32,2??C em Campo Belo do Sul e em 32,6??C em Pinhal da Serra, registradas no dia 13/03. A menor temperatura registrada ocorreu no come??o do m??s, sendo de 12,8??C em Pinhal da Serra no dia 01/03 e de 11,4??C em Campo Belo do Sul no dia 03/03. Na maior parte de mar??o de 2020 os menores valores di??rios de umidade relativa instant??nea do ar variaram entre 40% e 55%, devido ?? maior atua????o de massas de ar seco, com amplitude alta nesses dias (de 55% a 66%). A menor amplitude de umidade relativa instant??nea do ar (dia mais ??mido) nas esta????es de Campo Belo do Sul e de Pinhal da Serra ocorreu no dia 18/03, devido a um cavado e ?? passagem de uma frente fria pelo litoral catarinense, que mantiveram o c??u encoberto com chuva na regi??o da Usina da Baesa. O m??s de mar??o foi mais seco e a umidade relativa m??dia do ar foi de 76,7% em Campo Belo do Sul e de 70,0% em Pinhal da Serra, entre 4% e 7% mais baixa em rela????o aos valores observados no m??s anterior. A umidade relativa m??xima foi de 100% registradas na madrugada e amanhecer em diversas datas do m??s em Campo Belo do Sul e de 99,8% nos dias 19 e 30/03 em Pinhal da Serra, devido ?? maior nebulosidade e ?? chuva. Mar??o foi um m??s de vento fraco, com rajadas m??ximas entre 30 km/h e 39 km/h na maior parte dos dias, na regi??o da Usina da Baesa. Apenas 3 datas (23, 27,29 e 31/05) registraram intensidade de vento acima de 45 km/h em Pinhal da Serra. A rajada de vento mais intenso na regi??o foi de 54 km/h, na tarde de 31/03 em Pinha da Serra, associado a pancadas de chuva e trovoadas devido ao avan??o de uma frente fria. Em Campo Belo do Sul o vento predominou do quadrante nordeste, seguido de norte/nordeste, e na esta????o de Pinhal de Serra a dire????o predominante foi nordeste, seguida de leste/nordeste, com velocidade de 11 a 20 km/h (moderado) em ambas as esta????es. A velocidade m??xima do vento em Campo Belo do Sul foi de 39,0 km/h no dia 18/03. A velocidade m??dia do vento foi de 21,0 km/h em Campo Belo do Sul e 22,7 km/h em Pinhal da Serra. aClima aMonitoramento1 aRODRIGUES, M. L. G.1 aLIMA, M.1 aALVES, M. P. A.